000 00891nam a2200193Ia 4500
001 14032
003 GE_BSU
008 181216s||||||||xx |||||||||||||| ||und||
040 _cGE_BSU
080 _a621.892
245 _aПрисадки к смазочным маслам: вопросы синтеза, исследования и применения присадок к маслам,топливам и полимерным материалам.
245 _cРед. колл. А.М.Кулиев(отв. ред.) и др.
260 _aБаку.
260 _bНаука.
260 _c1967.
300 _a298стр. 22см.
653 _aПрисадки к смазочным маслам: вопросы синтеза, исследования и применения присадок к маслам,топливам и полимерным материалам.
942 _cBK
999 _c47174
_d47174